Catálogo
 En Linea

Matemática para la vida : (Registro nro. 54960)

Detalles MARC
000 -CABECERA
campo de control de longitud fija 01791nam a2200313 i 4500
003 - IDENTIFICADOR DEL NÚMERO DE CONTROL
campo de control DO-SdBNP
005 - FECHA Y HORA DE LA ÚLTIMA TRANSACCIÓN
campo de control 20240321112818.0
007 - CAMPO FIJO DE DESCRIPCIÓN FÍSICA--INFORMACIÓN GENERAL
campo de control de longitud fija ta
008 - DATOS DE LONGITUD FIJA--INFORMACIÓN GENERAL
campo de control de longitud fija 230927b1987 dr a|||| |||| 00| 0 spa d
040 ## - FUENTE DE LA CATALOGACIÓN
Centro catalogador/agencia de origen DO-SdBNP
Lengua de catalogación spa
Centro/agencia transcriptor BNPHU
Normas de descripción rda
082 #4 - NÚMERO DE LA CLASIFICACIÓN DECIMAL DEWEY
Número de edición 22
100 1# - ENTRADA PRINCIPAL--NOMBRE DE PERSONA
Nombre de persona Luciano López, Margarita,
Fechas asociadas al nombre 1950-
Término indicativo de función/relación autora
9 (RLIN) 84993
245 10 - MENCIÓN DE TÍTULO
Título Matemática para la vida :
Resto del título segundo grado nivel primario /
Mención de responsabilidad, etc. Milagros Peña de Pérez, Margarita Luciano de Sang, Anania de León de Encarnación ; ilustración, Roger Estévez ; colaboración, Albania Pérez de Jiménez, Orlando Ramos
264 ## - PRODUCCIÓN, PUBLICACIÓN, DISTRIBUCIÓN, FABRICACIÓN Y COPYRIGHT
Producción, publicación, distribución, fabricación y copyright Santo Domingo :
Nombre del de productor, editor, distribuidor, fabricante Secretaría de Estado de Educación, Bellas Artes y Culto,
Fecha de producción, publicación, distribución, fabricación o copyright 1987.
300 ## - DESCRIPCIÓN FÍSICA
Extensión 212 páginas :
Otras características físicas ilustraciones ;
Dimensiones 27 cm.
336 ## - TIPO DE CONTENIDO
Fuente rdacontent
Término de tipo de contenido texto
Código de tipo de contenido txt
337 ## - TIPO DE MEDIO
Fuente rdamedia
Nombre/término del tipo de medio sin mediación
Código del tipo de medio n
338 ## - TIPO DE SOPORTE
Fuente rdacarrier
Nombre/término del tipo de soporte volumen
Código del tipo de soporte nc
500 ## - NOTA GENERAL
Nota general Revisado y aprobado por la Dirección General de Currículum y Evaluación Educativa, como texto básico de matemática para el tercer grado del nivel primario
505 0# - NOTA DE CONTENIDO CON FORMATO
Nota de contenido con formato Conjuntos,: Pertenencia, no pertenencia--
Título Los números. Números ordinales --
-- Adición de cardinales menores que mil--
-- Sustracción de cardinales menores que mil--
-- Multiplicación por dos y entre tres--
-- División entre dos y entre tres--
-- Partes de la unidad--
-- Comparación de fracciones--
-- Figuras geométricas--
-- Medidas de longitud. El metro--
-- Medidas de capacidad. El litro--
-- Monedas de uso nacional--
-- El Reloj.
590 ## - NOTA LOCAL (RLIN)
Nota local Inventariado, 2023/BT
700 1# - PUNTO DE ACCESO ADICIONAL--NOMBRE DE PERSONA
Nombre de persona Luciano Sang, Margarita de
9 (RLIN) 29588
700 1# - PUNTO DE ACCESO ADICIONAL--NOMBRE DE PERSONA
Nombre de persona León, Anania
9 (RLIN) 1263
700 1# - PUNTO DE ACCESO ADICIONAL--NOMBRE DE PERSONA
Nombre de persona Estévez, Roger,
9 (RLIN) 29589
Término indicativo de función/relación ilustración
700 1# - PUNTO DE ACCESO ADICIONAL--NOMBRE DE PERSONA
Nombre de persona Pérez Jiménez, Albania de,
9 (RLIN) 29590
Término indicativo de función/relación colaborador
700 1# - PUNTO DE ACCESO ADICIONAL--NOMBRE DE PERSONA
Nombre de persona Ramos, Orlando
Término indicativo de función/relación colaborador
9 (RLIN) 29591
910 ## - DATOS DE OPCIÓN DEL USUARIO (OCLC)
Datos de opción del usuario Btavérez
942 ## - ELEMENTOS DE PUNTO DE ACCESO ADICIONAL (KOHA)
Fuente del sistema de clasificación o colocación Dewey Decimal Classification
Tipo de ítem Koha Libro
Existencias
Estado de retiro Estado de pérdida Fuente del sistema de clasificación o colocación Restricciones de uso No para préstamo Código de colección Localización permanente Ubicación/localización actual Ubicación en estantería Fecha de adquisición Fuente de adquisición Total de préstamos Signatura topográfica completa Código de barras Fecha visto por última vez Precio válido a partir de Tipo de ítem Koha Nota pública Número de copia
    Dewey Decimal Classification Excluido de préstamo   Patrimonio Dominicano Biblioteca Nacional Pedro Henríquez Ureña Biblioteca Nacional Pedro Henríquez Ureña En catalogación 27.09.2023 Donación   BNPHU PD 2023-6456 27.09.2023 27.09.2023 Libro Perteneció a la biblioteca personal de Bárbara Suncar.  
    Dewey Decimal Classification Excluido de préstamo   Patrimonio Dominicano Biblioteca Nacional Pedro Henríquez Ureña Biblioteca Nacional Pedro Henríquez Ureña En catalogación 04.09.2025 donación   BNPHU PD P349m 2025-9520 04.09.2025 04.09.2025 Libro Bárbara Suncar e.2

Con tecnología Koha